| 000 | 00776cab a22002055a 4500 | ||
|---|---|---|---|
| 001 | L147825 | ||
| 008 | 090622e20090613xxk g 000 0 eng d | ||
| 035 | _a(Sirsi) u147825 | ||
| 041 | 0 | _aeng | |
| 100 | 1 | _aRisso-Gill, Edward | |
| 245 | 0 | 0 | _aValue judgment |
| 260 | _c2009 | ||
| 490 |
_aEstates Gazette _v(0923) 13 June 2009, 88(1) |
||
| 520 | _aThe date of assessment for damages when a conveyancing contract is breached can make a significant difference in times of a falling market. Assesses how Wroth v Tyler [1974] Ch 30 principle can be applied in such situations to bring forward date of assessment. | ||
| 590 | _aKA | ||
| 650 | 2 | 4 | _aWROTH V TYLER |
| 651 | 4 |
_aUnited Kingdom _y |
|
| 690 | _aPROPERTY-PROPERTY ACQUISITION AND DISPOSAL-CONVEYANCING | ||
| 942 | _n0 | ||
| 999 |
_c81645 _d81645 |
||